| 000 | 00655nam a2200193Ia 4500 | ||
|---|---|---|---|
| 003 | GCL | ||
| 008 | 140319s9999 xx 000 0 ara d | ||
| 040 |
_aGCL / _cGCL |
||
| 082 | 0 | 4 |
_aد _b050 |
| 100 | 1 | _aسمحة الخولى | |
| 245 | 1 | 0 |
_aالقومية فى موسيقى القرن العشرين (عالم المعرفة 162) / _cسمحة الخولى |
| 260 |
_a[S.N] : _bالمجلس الوطنى للثقافة والفنون والاداب ، _c1992 |
||
| 490 |
_aعالم المعرفة _v0 |
||
| 650 | 0 | 4 | _aالموسيقى |
| 650 | 0 | 4 | _aالقومية |
| 650 | 0 | 4 | _aالعالم |
| 650 | 0 | 4 | _aالقرن العشرين |
| 942 |
_2ddc _cBK |
||
| 999 |
_c35900 _d35900 |
||